|
|
|
|
| LEADER |
01692nam a2200325 u 4500 |
| 001 |
10111703 |
| 003 |
upatras |
| 005 |
20210117204910.0 |
| 008 |
140211s2010 uk f eng |
| 020 |
|
|
|a 9780521198431
|
| 040 |
|
|
|a GR-PaULI
|c GR-PaULI
|
| 041 |
0 |
|
|a eng
|
| 082 |
0 |
4 |
|a 183.2
|
| 100 |
1 |
|
|a Brickhouse, Thomas C.
|d 1947-
|4 aut
|9 30285
|
| 245 |
1 |
0 |
|a Socratic moral psychology
|c Thomas C. Brickhouse and Nicholas D. Smith
|
| 260 |
|
|
|a Cambridge
|b Cambridge University Press
|c 2010
|
| 300 |
|
|
|a vii, 276 σ.
|c 23 εκ.
|
| 504 |
|
|
|a Περιλαμβάνει βιβλιογραφία και ευρετήριο
|
| 650 |
|
4 |
|a Σωκρατική φιλοσοφία
|9 37307
|
| 650 |
|
4 |
|a Σωκράτης
|x Ηθικές απόψεις
|9 136142
|
| 700 |
1 |
|
|a Smith, Nicholas D.
|d 1949-
|4 aut
|9 9054
|
| 852 |
|
|
|a GR-PaULI
|b ΠΑΤΡΑ
|b ΦΙΛΟΣΟΦΙΑ
|k ΑΣΧΞ-4
|h 183.2 BRI
|m 10197
|p 025000184320
|t 1
|
| 852 |
|
|
|a GR-PaULI
|b ΠΑΤΡΑ
|b ΦΙΛΟΣΟΦΙΑ
|k ΑΣΧΞ-4
|h 183.2 BRI
|m 10198
|p 025000186524
|t 2
|
| 852 |
|
|
|a GR-PaULI
|b ΠΑΤΡΑ
|b ΦΙΛΟΣΟΦΙΑ
|k ΑΣΧΞ-4
|h 183.2 BRI
|m 10199
|p 025000186728
|t 3
|
| 942 |
|
|
|2 ddc
|c BK15
|
| 952 |
|
|
|0 0
|1 0
|4 0
|6 183_200000000000000_BRI
|7 0
|9 162467
|a PHIL
|b PHIL
|d 2016-04-24
|i 10197
|l 2
|m 1
|o 183.2 BRI
|p 025000184320
|r 2016-10-26 00:00:00
|s 2016-10-13
|t 1
|w 2016-04-24
|y BK15
|
| 952 |
|
|
|0 0
|1 0
|4 0
|6 183_200000000000000_BRI
|7 0
|9 162468
|a PHIL
|b PHIL
|d 2016-04-24
|i 10198
|l 0
|o 183.2 BRI
|p 025000186524
|r 2016-04-24 00:00:00
|t 2
|w 2016-04-24
|y BK15
|
| 952 |
|
|
|0 0
|1 0
|4 0
|6 183_200000000000000_BRI
|7 0
|9 162469
|a PHIL
|b PHIL
|d 2016-04-24
|i 10199
|l 0
|o 183.2 BRI
|p 025000186728
|r 2016-04-24 00:00:00
|t 3
|w 2016-04-24
|y BK15
|
| 998 |
|
|
|c ΚΑΝΕΛΛΟΠΟΥΛΟΥ
|d 2014-02
|
| 999 |
|
|
|c 101938
|d 101938
|